Problemy społeczno-gospodarcze wsi kozielskiej po II wojnie światowej

Titel: Problemy społeczno-gospodarcze wsi kozielskiej po II wojnie światowej
Verfasser:
In: Szkice ke̜dzierzyńsko-kozielskie, Band 4 (1993), Seite 7-35
alle Artikel anzeigen
Veröffentlicht: 1993
Format: Aufsatz
Sprache: Polnisch
Kein Bild verfügbar
X
alg: 39469320
001A    $01999:12-11-16 
001B    $06050:16-02-24 $t15:34:09.000 
001C    $06050:19-11-16 $t09:34:11.000 
001D    $01999:12-11-16 
001U    $0utf8 
001X    $00 
002@    $0Aox 
003@    $0394693205 
007A    $0394693205 $aHEB 
007T    $0Herdww008758 
010@    $apol 
011@    $a1993 
021A    $aProblemy społeczno-gospodarcze wsi kozielskiej po II wojnie światowej 
028A    $aCimała $dBogdan 
031A    $d4 $h7-35 $j1993 
039B    $aIn $8--Abvc--. Szkice ke̜dzierzyńsko-kozielskie. - Kędzierzyn-Koźle : Towarzystwo Ziemi Kozielskiej, 1985-. - ISSN 0860-1062 $x199300000040000993 $9048584932 
045T    $a-OST $qDE-12 $2FID 
045T    $a7,41 

lok: 39469320 78

exp: 39469320 78 1 #EPN
201B/01 $018-11-16 $t12:26:03.000 
201U/01 $0utf8 
203@/01 $0790803704 
208@/01 $a12-11-16 $be 
209A/01 $a/ $f000 $x00 
220C/01 $aTitelaufnehmer: EW 
220C/01 $aHerkunft: IH UWr 
244Z/01 $2Trx $#Silesia $#Śląsk $#Sliezsko $#Slezsko $8--Trx--Schlesien $x01 $9391173987 
244Z/01 $2Trx $#Poola $#Lenkija $#Polija $#Polen Land $#Poland $#Lengyelország $#Poľsko $#Polsko $8--Trx--Polska$gkraj $x02 $9391345966 
244Z/01 $2Trx $#Cosel Oppeln $8--Trx--Koźle$gOpole, ziemia $x03 $9391187147 
244Z/01 $aGeschichte 1945-1949 $x04 
244Z/01 $2Trx $#majandus üldine $#ūkis bendras $#general economics $#gazdaság általános $#gospodarka ogólnie $#hospodárstvo všeobecne $#hospodářství všeobecně $8--Trx--Wirtschaft$gallgemein $x05 $9391362542 
244Z/01 $2Trx $#suhted, majandus-sotsiaalsed $#visuomeniniai ūkiniai santykiai $#relations, economic-social $#viszonyok, gazdasági-szociális $#stosunki społeczno-gospodarcze $#vzťahy hospodársko-sociálne $#vztahy hospodářsko-sociální $#Beziehungen, wirtschaftlich-soziale $8--Trx--Verhältnisse, wirtschaftlich-soziale $x06 $939137222X 
244Z/01 $2Trx $8--Trx--Zeitschriftenaufsatz $x07 $9391384341 
247C/01 $82080>Marburg/Lahn, Herder-Institut, Forschungsbibliothek, Bibliographieportal $9336309341
LEADER 00000caa a22000002c 4500
001 394693205
003 DE-603
005 20240216153409.0
007 tu
008 161112s1993 xx |||| | u00||u|pol c
035 |a (DE-599)HEB394693205 
040 |a DE-603  |b ger  |c DE-603  |d DE-603 
041 |a pol 
084 |a -OST  |q DE-12  |2 fid 
084 |a 7,41  |2 ssgn 
100 1 |a Cimała, Bogdan 
245 0 0 |a Problemy społeczno-gospodarcze wsi kozielskiej po II wojnie światowej 
264 0 |c 1993 
773 0 8 |i In  |t Szkice ke̜dzierzyńsko-kozielskie  |d Kędzierzyn-Koźle : Towarzystwo Ziemi Kozielskiej, 1985-  |x 0860-1062  |g Band 4 (1993), Seite 7-35  |w (DE-603)048584932  |w (DE-600)1080389-0 
924 0 |9 2080  |a (DE-603)790803704  |b DE-2080  |c HES  |d d  |g /